2024 Speedway Grand Prix Riders - Statistics

General Stats
  • This quiz has been taken 27 times
    26 since last reset
  • The average score is 24 of 51
Answer Stats
Nationality Answer Pts % Correct
Poland Bartosz Zmarzlik 179 Permanent
95%
Slovakia Martin Vaculík 122 Permanent
95%
Sweden Fredrik Lindgren 141 Permanent
89%
Great Britain Dan Bewley 127 Permanent
84%
Denmark Leon Madsen 94 Permanent
84%
Denmark Mikkel Michelsen 101 Permanent
84%
Great Britain Robert Lambert 144 Permanent
84%
Poland Dominik Kubera 98 Permanent
79%
Australia Jack Holder 106 Permanent
79%
Czech Republic Jan Kvěch 52 Permanent
79%
Germany Kai Huckenbeck 61 Permanent
79%
Poland Patryk Dudek 24 Wild Card
79%
Australia Jason Doyle 47 Permanent
74%
Poland Maciej Janowski 52 Series Substitute
74%
Poland Szymon Woźniak 58 Permanent
74%
Great Britain Tai Woffinden 23 Permanent
74%
Latvia Andžejs Ļebedevs 79 Permanent
68%
Australia Max Fricke 69 Series Substitute
68%
Poland Bartłomiej Kowalski 0 Track Reserve
58%
Germany Martin Smolinski 0 Track Reserve
53%
Slovenia Matej Žagar 2 Wild Card
53%
Great Britain Tom Brennan 4 Wild Card
53%
Czech Republic Václav Milík 4 Wild Card
53%
United States Luke Becker DNR Series Substitute
47%
Poland Mateusz Cierniak 3 Wild Card
47%
Denmark Rasmus Jensen 9 Series Substitute
47%
Denmark Anders Thomsen 7 Wild Card
42%
France Dimitri Bergé DNR Series Substitute
42%
Germany Erik Riss 0 Track Reserve
42%
Sweden Kim Nilsson 8 Series Substitute
42%
Germany Norick Blödorn 2 Wild Card
42%
Latvia Daniils Kolodinskis 3 Wild Card
32%
Latvia Francis Gusts 1 Track Reserve
32%
Poland Oskar Paluch 0 Track Reserve
32%
Denmark Mads Hansen DNR Track Reserve
26%
Poland Oskar Fajfer 6 Wild Card
26%
Czech Republic Daniel Klíma DNR Track Reserve
21%
Poland Jakub Miśkowiak 0 Track Reserve
21%
Poland Krzysztof Lewandowski DNR Track Reserve
16%
Slovenia Matic Ivačič DNR Track Reserve
16%
Czech Republic Adam Bednář DNR Track Reserve
11%
Denmark Frederik Jakobsen DNR Track Reserve
11%
Germany Marius Hillebrand DNR Track Reserve
11%
Sweden Philip Hellström-Bängs DNR Track Reserve
11%
Poland Damian Ratajczak DNR Track Reserve
5%
Sweden Filip Hjelmland DNR Track Reserve
5%
Great Britain Leon Flint DNR Track Reserve
5%
Poland Marcel Kowalik DNR Track Reserve
5%
Poland Nikodem Mikolajczyk DNR Track Reserve
5%
Latvia Ričards Ansviesulis 0 Track Reserve
5%
Great Britain Sam Hagon DNR Track Reserve
5%
No matching quizzes found
Score Distribution
Percent of People with Each Score
Percentile by Number Answered
Your Score History
You have not taken this quiz since the last reset